Statistics for All 1M+ Cities in Pakistan

Click here to take the quiz!

General Stats

  • This quiz has been taken 144 times
  • The average score is 7 of 9

Answer Stats

First LetterPopulation (Millions)City Name% Correct
K17.3Karachi
99%
L12.6Lahore
99%
F3.6Faisalabad
92%
R3.4Rawalpindi
88%
H2.2Hyderabad
81%
P2.3Peshawar
77%
Q1.1Quetta
77%
M2.1Multan
70%
G2.7Gujranwala
64%

Score Distribution

Percentile by Number Answered

Percent of People with Each Score

Your Score History

You have not taken this quiz